000 00590nam a22001817a 4500
003 OSt
005 20260127043637.0
008 260127b |||||||| |||| 00| 0 eng d
040 _aDWC-Main lib.
_cOC
082 _aSC. 890.4 B429 2005
100 _aBelgica, Juan Rafael Jr.
245 _aPiniling mga rawit-dawit buda tolong osong na osipon na nakauslit/
_cJuan Rafael Belgica Jr.
260 _aLegazpi City :
_bSerrano Printhouse,
_cc2005.
300 _a88 p. ;
_c21 cm.
504 _aIncludes bibliography.
650 _a1. Philippine literature (Bikol).
942 _2ddc
_cSC
_hSC.
_n0
999 _c7857
_d7857